000 00786nas a2200277 4500
001 BR0102964
003 BR-BrBNA
005 20231205102314.0
007 ta
008 230509b bl.|||p| |||| 00| 00por d
040 _aBR-BrBNA
_bpor
_cBiblioteca Nacional de Agricultura
041 _a(Pt)
072 _aF30
100 1 _aRaseira, M. do C.B.
100 1 _aSimonetto, P.R.
100 1 _aGrellman, E.
100 1 _aNakasu, B.H.
245 1 _aCharme. cultivar de pessego para mesa
650 _aPessego
650 _aFruto
650 _aVariedade
650 _aCaracteristicas Agronomicas
773 0 _tAgropecuaria Clima Temperado (Brazil)
_xISSN 1415-6822
_g(Dec 2000), v. 3(2) p. 279-281
_wBR0102964
909 _a202311
_bLúcia
_c55
_dLúcia Elande
942 _2AGRIS
_n0
_cANA
999 _c166895
_d166895